00538nam a2200169 i 4500001000300000100002100003245007100024260002600095700001900121040000800140041000800148942000700156008004100163999001700204856009800221952004900319bg1 aWÓJCIK, Teresa 0aDydaktyczny słownik techniczny /cTeresa Wójcik, Adam Murmyło. aCzęstochowa,c1981.1 aMURMYŁO, Adam cBPK apol cKS s pl f |000 0 pol  c20074d20074 uhttp://koha.tu.koszalin.pl/cgi-bin/koha/opac-detail.pl?biblionumber=20074yKatalog online BPK 00104070aBPKbBPKcwo28317p01658316yKS